clash royale quiz - Statistics

General Stats
  • This quiz has been taken 212 times
  • The average score is 7 of 14
Answer Stats
Hint Answer % Correct
Says "PANCAKES" Mini PEKKA
98%
Name of the main skeleton Larry
92%
Costs 9 elixir Three Musketeers
83%
Shoot flaming arrows Princess
68%
Can respawn Phoenix
65%
How many hours to unlock a Golden Chest 8
56%
Barbarian's cousin Knight
39%
Deals 120,998 damage Super Mini PEKKA
35%
Shoots gum Rascal Girl
30%
Has 1 health Clone
28%
Can do more than 1500 damage as a spell Void
27%
Dreams of ponies and one day wearing metal buckets Royal Recruits
24%
Never had a balance change Electro Spirit
19%
Specially Trained by Archer Queen Evolution Archers
5%
No matching quizzes found
Score Distribution
Percent of People with Each Score
Percentile by Number Answered
Your Score History
You have not taken this quiz